00780nam a2200205 a 450000100100000000500170001000800410002704000250006808200170009310000390011024500460014926000480019530000450024349000290028850400740031783000360039104900090042795201210043699900170055700002514020200930023601.0110210s1955 sp abc r 000 0 spa d aDO-SdBNPbspacBNPHU axxxxxbS487a1 aSerrano Lafita, José Luis95154513aLa alberca /cJosé Luis Serrano Lafita. aMadrid :bPublicaciones Españolas,c1955. av. 13 :bil., mapas., retrs. ;c23.5 cm.1 aTemas españoles ;v120 aIncluye referencias bibliográficas y notas al pie de las páginas. 0aTemas españoles ;n120951546 aBNGR 001054708MOaGRbGRcCTd2011-02-10iLF1l0oxxxxx S487ap25140-10r2020-06-25w2020-06-25y4ZPréstamo en sala c24633d24633